Chocolate as a Functional Food

Vlastnosti funkčných potravín, ich prehľad a benefity. Zdraviu prospešné vlastnosti čokolády. Analýza dotazníkového prieskumu o spotrebe čokolády

Saved in:
Bibliographic Details
Main Author: Rogovská, Vanda
Other Authors: Čukanová, Miroslava, 1984-
Format: Book Chapter
Language:English
Subjects:
Tags: Add Tag
No Tags, Be the first to tag this record!

MARC

LEADER 00000nla a2200000 4500
001 0214039
005 20240502073556.4
041 0 |a eng 
044 |a SK 
245 1 0 |a Chocolate as a Functional Food  |c Vanda Rogovská, Miroslava Čukanová 
520 |a Vlastnosti funkčných potravín, ich prehľad a benefity. Zdraviu prospešné vlastnosti čokolády. Analýza dotazníkového prieskumu o spotrebe čokolády 
610 2 0 |a čokoláda 
610 2 0 |a výživa 
610 2 0 |a spotreba potravín 
610 2 0 |a zdravie 
100 1 |a Rogovská, Vanda 
700 1 |a Čukanová, Miroslava, 1984-